Historický vývoj účtovnej profesie a účtovných predpisov v USA diplomová práca

Guardado en:
Detalles Bibliográficos
Autor principal: Urbanová, Veronika
Autor Corporativo: Fakulta hospodárskej informatiky EU. Katedra účtovníctva a audítorstva
Otros Autores: Tumpach, Miloš, 1970-
Formato: Libro
Lenguaje:eslovaco
Publicado: Bratislava 2011
Etiquetas: Agregar Etiqueta
Sin Etiquetas, Sea el primero en etiquetar este registro!

MARC

LEADER 00000nbm a2200000 4500
001 0140671
005 20161109101941.8
041 0 |a slo 
044 |a SK 
245 1 0 |a Historický vývoj účtovnej profesie a účtovných predpisov v USA  |b diplomová práca  |c Veronika Urbanová ; školiteľ: Miloš Tumpach 
264 1 |a Bratislava  |c 2011 
300 |a 66 s. 
100 1 |a Urbanová, Veronika 
700 1 |a Tumpach, Miloš, 1970- 
710 2 |a Fakulta hospodárskej informatiky EU. Katedra účtovníctva a audítorstva